Mensaje presidencial 2008

Guardat en:
Dades bibliogràfiques
Autor principal: Bachelet Jeria, Michelle (Autor)
Format: Llibre
Idioma:espanyol
Publicat: Santiago Gobierno de Chile 2008
Edició:1a. ed
Matèries:
Etiquetes: Afegir etiqueta
Sense etiquetes, Sigues el primer a etiquetar aquest registre!

MARC

LEADER 00000nam a2200000 a 4500
001 UCH9576
003 CL-VaPUC
008 100114e20080000CL |||||||||||||||||spa|d
082 0 4 |a 351.003  |b MEN  |2 21 
100 |a Bachelet Jeria, Michelle  |e author  |9 521059 
245 1 0 |a Mensaje presidencial 2008 
250 |a 1a. ed 
300 |a 726 p 
942 |c BK 
945 |d 20100114 00:00:00  |a cmena 
260 |a Santiago  |b Gobierno de Chile  |c 2008 
500 |a Mensaje presidencial 21 de mayo 2008: mensaje de la Presidenta de la República señora Michelle Bachelet Jeria, en el inicio de la legislatura ordinaria del Congreso Nacional 
650 7 |a MENSAJES PRESIDENCIALES  |2 CL-VaPUC  |9 256599 
650 0 |a Discursos políticos  |9 373524 
650 0 |a Política económica   |9 255029 
650 0 |a Política y gobierno  |9 255151 
651 7 |a CHILE  |2 CL-VaPUC  |9 546749 
583 |a last modification  |c 20100114 00:00:00  |k Rodrigo Vera 
999 |c 339497  |d 339495 
952 |0 0  |1 0  |4 0  |6 351_003000000000000_MEN_2008  |7 0  |8 X  |9 433185  |a FDOBUD  |b FDOBUD  |d 2019-11-22  |i 4711246  |o 351.003 MEN 2008  |p 4711246  |r 2019-11-22  |w 2019-11-22  |y BK_X  |k BUD